| 000 | 00435nam a2200145 4500 | ||
|---|---|---|---|
| 005 | 20260530113843.0 | ||
| 100 | 1 |
_aDir Gral de Industrial Culturales y Diseño _930397 |
|
| 245 | 1 | 0 | _aDiseño y Comercialización |
| 264 | 1 |
_bCentro Metropolitano de Diseño BsAs _c2005 |
|
| 300 | _a179 páginas | ||
| 500 | _asin el CD Grabaciones de Conf | ||
| 336 |
_atexto _2rdacontent |
||
| 337 |
_asin medio _2rdamedia |
||
| 338 |
_avolumen _2rdacarrier |
||
| 999 |
_c11180 _d11180 |
||